Law,economics and conflict (Record no. 1224572)

MARC details
000 -LEADER
fixed length control field 00637nam a2200217Ia 4500
005 - DATE AND TIME OF LATEST TRANSACTION
control field 20241129104132.0
008 - FIXED-LENGTH DATA ELEMENTS--GENERAL INFORMATION
fixed length control field 241129s9999||||xx |||||||||||||| ||und||
020 ## - INTERNATIONAL STANDARD BOOK NUMBER
International Standard Book Number 9781501754821
037 ## - SOURCE OF ACQUISITION
Stock number Textual
040 ## - CATALOGING SOURCE
Original cataloging agency RTL
Language of cataloging eng
Transcribing agency RTL
041 ## - LANGUAGE CODE
Language code of text/sound track or separate title eng
Source of code eng
084 ## - COLON CLASSIFICATION NUMBER
Classification number X:(Z) R1
Assigning agency RTL
100 ## - MAIN ENTRY--PERSONAL NAME
Personal name Basu Kaushik; Hockett Robert C.
9 (RLIN) 724932
245 #0 - TITLE STATEMENT
Title Law,economics and conflict
Statement of responsibility, etc. Basu Kaushik; Hockett Robert C.
260 ## - PUBLICATION, DISTRIBUTION, ETC.
Place of publication, distribution, etc. London
Name of publisher, distributor, etc. Cornell University Press
Date of publication, distribution, etc. 2021
300 ## - PHYSICAL DESCRIPTION
Extent vii,223p.
365 ## - TRADE PRICE
Price type code INR
Price amount 2310.04
650 ## - SUBJECT ADDED ENTRY--TOPICAL TERM
Topical term or geographic name entry element Law and Economics
9 (RLIN) 431663
942 ## - ADDED ENTRY ELEMENTS (KOHA)
Koha item type Textbook
Classification part X:(Z) R1
Holdings
Withdrawn status Lost status Damaged status Not for loan Home library Current library Date acquired Source of acquisition Cost, normal purchase price Inventory number Total Checkouts Full call number Barcode Date last seen Price effective from Koha item type
        Ratan Tata Library Ratan Tata Library 2024-11-29 International Book Distributor 2310.04 118858 & 03/02/2023   X:(Z) R1 RT1502508 2024-11-29 2024-11-29 Textbook
Copyright @ Delhi University Library System